Central Library OPAC University of Rajshahi

Frankenstein or The modern Prometheus / (Record no. 83871)

MARC details
000 -LEADER
fixed length control field 00580nam a2200205 a 4500
001 - CONTROL NUMBER
control field 83871
003 - CONTROL NUMBER IDENTIFIER
rucl marc code BD-RjUL
005 - DATE AND TIME OF LATEST TRANSACTION
control field 20240602155626.0
008 - FIXED-LENGTH DATA ELEMENTS--GENERAL INFORMATION
fixed length control field 240602s1817 enk||||| |||| 00| 0 eng d
035 ## - SYSTEM CONTROL NUMBER
System control number (BD-RjUL)83871
040 ## - CATALOGING SOURCE
Original cataloging agency BD-RjUL
Language of cataloging eng
Transcribing agency BD-RjUL
041 ## - LANGUAGE CODE
Language code of text/sound track or separate title eng
082 ## - DEWEY DECIMAL CLASSIFICATION NUMBER
Edition number 23
Classification number 823
Author mark and year SHF 1817
100 ## - MAIN ENTRY--PERSONAL NAME
Personal name Shelley, Mary Wollstonecraft
9 (RLIN) 13271
245 ## - TITLE STATEMENT
Title Frankenstein or The modern Prometheus /
Statement of responsibility, etc. Mary Wollstonecraft Shelley
260 ## - PUBLICATION, DISTRIBUTION, ETC. (IMPRINT)
Place of publication, distribution, etc. London :
Name of publisher, distributor, etc. The readers library,
Date of publication, distribution, etc. [1817?]
300 ## - PHYSICAL DESCRIPTION
Pagination 252 p.;
Size 17 cm.
650 ## - SUBJECT ADDED ENTRY--TOPICAL TERM
Topical term or geographic name as entry element English fiction
942 ## - ADDED ENTRY ELEMENTS (KOHA)
Source of classification or shelving scheme Dewey Decimal Classification
Koha item type Books
Holdings
Lost status Source of classification or shelving scheme Damaged status Not for loan Collection code Permanent Location Current Location Date acquired Total Checkouts Full call number Date last seen Copy number Koha item type
  Dewey Decimal Classification   Not For Loan Fiction Central Library, University of Rajshahi Central Library, University of Rajshahi 02/06/2024   823 SHF 1817 02/06/2024 C-1 Books